Novak Djokovic - Route to the 2019 Wimbledon Trophy - Statistics

General Stats
  • This quiz has been taken 18 times
  • The average score is 4 of 7
Answer Stats
Round Result Country Opponent % Correct
F 3:2 (7:6,1:6,7:6,4:6,13:12) Switzerland Roger Federer
100%
QF 3:0 (6:4,6:0,6:2) Belgium David Goffin
67%
R32 3:1 (7:5,6:7,6:1,6:4) Poland Hubert Hurkacz
61%
SF 3:1 (6:2,4:6,6:3,6:2) Spain Roberto Bautista Agut
61%
R128 3:0 (6:3,7:5,6:3) Germany Philipp Kohlschreiber
50%
R64 3:0 (6:3,6:2,6:2) USA Denis Kudla
22%
R16 3:0 (6:3,6:2,6:3) France Ugo Humbert
22%
No matching quizzes found
Score Distribution
Percent of People with Each Score
Percentile by Number Answered
Your Score History
You have not taken this quiz